| 000 | 00620nam a2200241Ia 4500 | ||
|---|---|---|---|
| 003 | OSt | ||
| 005 | 20230511114039.0 | ||
| 008 | 210423s2014 xx 000 0 und d | ||
| 020 | _a978-81-224-2408-9 | ||
| 040 | _cAL | ||
| 041 | _aeng | ||
| 082 | _a541.28 PRAQ | ||
| 100 |
_aPRASAD (R K) _9102768 |
||
| 245 | _aQuantum chemistry Ed 4 | ||
| 250 | _a4 | ||
| 260 |
_aNew Delhi _bNew Age International _c2014 |
||
| 300 |
_axx,565p _bPB |
||
| 365 |
_b295 _cINR |
||
| 650 |
_aChemistry _9102769 |
||
| 650 |
_aPhysical & Theoretical Chemistry _9102770 |
||
| 906 | _achemistry ; Ed ; Ed4 ; Quantum | ||
| 942 |
_2ddc _cBK |
||
| 999 |
_c165936 _d165936 |
||